000 01142nam a22002777a 4500
001 BD-DhSAU 9278
003 BD-DhSAU
005 20260209111958.0
008 150613b2018 bg a|||| m||| 00| 0 eng d
040 _aBD-DhSAU
082 _222
_a658.8
_bF226
100 _aNOWSHIN, FARIHA
_eRegistration # 22010024
245 _aConsumer perception, attitude and factors influencing consumers purchase intention towards non-certified organic food /
_bMS thesis
260 _aSher-e-Bangla Agricultural University :
_bDepartment of Agribusiness and marketing,
_c2024.
300 _avii, 51p. :
_bill. ;
_c30 cm.
500 _aMS thesis of Department of Agribusiness and marketing, Faculty of Agribusiness , Sher-e-Bangla Agricultural University, Dhaka, Bangladesh
504 _aIncludes bibliographical reference.
590 _aNazmul
650 _aconsumer perception,
650 _afactors influencing consumers purchase
651 _atowards non-certified organic food
700 _aAssoci. Prof. Dr. Sharmin Afrin
_eSuperviser
700 _aProf. Dr. Md. Rashidul Hasan
_eCo-superviser
942 _2ddc
_cTHESIS
999 _c18280
_d18279